|
|
|
|
| LEADER |
00975nam a22002297a 4500 |
| 001 |
AAL7311 |
| 003 |
BD-DhAAL |
| 005 |
20160229195839.0 |
| 008 |
160229s 2009bg ||||| |||| 00| 0 ben d |
| 020 |
|
|
|a 9847002201506
|
| 040 |
|
|
|a BD-DhAAL
|c BD-DhAAL
|
| 082 |
|
|
|2 22
|a 954/.14
|
| 245 |
|
|
|a বাংলা সন ও পঞ্জিকা ইতিহাস ও ঐতিহ্য /
|c সম্পাদনা শামসুজ্জামান খান
|
| 260 |
|
|
|a ঢাকা
|b সূচীপত্র,
|c ২০০৯
|
| 300 |
|
|
|a ১২৬ পৃ. ;
|c ২২ সে.মি.
|
| 541 |
|
|
|e 7311
|
| 650 |
|
|
|a Bengal (India)
|x History
|9 18251
|
| 700 |
|
|
|a খান, শামসুজ্জামান
|9 18252
|
| 852 |
|
|
|a Savar Campus Library
|c General Shelf
|
| 942 |
|
|
|2 ddc
|c BK
|
| 999 |
|
|
|c 36962
|d 36962
|
| 952 |
|
|
|0 0
|1 0
|2 ddc
|4 0
|6 954_000000000000000__14_BAN
|7 0
|9 58215
|a SCL
|b SCL
|c GEN
|d 2016-02-29
|g 195.00
|l 2
|m 1
|o 954.14 BAN
|p 3020007311
|r 2025-08-25
|s 2025-08-20
|t 1
|w 2016-02-29
|y BK
|